| 000 | 00920cam a2200313 4500 | ||
|---|---|---|---|
| 008 | 020628n2002 000 0 eng u | ||
| 035 | _a(Sirsi) u118588 | ||
| 245 | _aRegional survey: Herts, Beds and Bucks | ||
| 260 | _c2002 | ||
| 490 |
_aProperty Week _v67(24) 21 June 2002, 43-74(10) |
||
| 590 | _aABS | ||
| 650 | _aBEDFORD | ||
| 650 | _aBUCKINGHAMSHIRE | ||
| 650 | _aHERTFORDSHIRE | ||
| 650 | _aM25 | ||
| 650 | _aPROPERTY-COMMERCIAL PROPERTY-OFFICE PROPERTY-OFFICE PROPERTY MARKET | ||
| 650 | _aPROPERTY-COMMERCIAL PROPERTY-RETAIL PROPERTY-RETAIL PROPERTY MARKET | ||
| 650 | _aWATFORD | ||
| 650 | _aINDUSTRIAL MARKET | ||
| 650 | _aMILTON KEYNES | ||
| 650 | _aRESIDENTIAL MARKET | ||
| 650 | _aSTEVENAGE | ||
| 650 | _aHEMEL HEMPSTEAD | ||
| 650 | _aHATFIELD | ||
| 650 | _aDENHAM | ||
| 650 | _aHIGH WYCOMBE | ||
| 690 | _aPROPERTY-COMMERCIAL PROPERTY-COMMERCIAL PROPERTY MARKET | ||
| 942 | _n0 | ||
| 999 |
_c70615 _d70615 |
||